000 00329nam a2200133Ia 4500
008 150201s2009 xx 000 0 und d
082 _a617
_bF09S
100 _aSINGH SEWTA R
245 _aFURNDAMENTALS OF OPERATIVE SURGERY
250 _a1ST
260 _bJAYPEE BROTHERS
_aDELHI
_c2009
650 _aSURGERY
942 _2ddc
_cBK
_01
999 _c1063
_d1063